00501nam a22001697a 4500020001800000040000900018082001200027100002800039110004400067245001500111250001600126260004200142650001500184942001200199999001900211952010100230 a9788131725153 cNUST a658 HIT aHitt, Michael A9112295 aPorter, Lyman W. Black, Stewart9112296 aManagement a2nd Edition aNew Delhi;bPearson Education,c2009. aManagement 2ddccBK c594751d594751 00102ddc4070aCEMEbCEMEcGENd2023-05-15l0o658 HITpCEME-45392r2023-05-15w2023-05-15yBK